LEADER 01427nam a2200277 i 4500 001 000000229087 003 CaOOAMICUS 005 20230331125220.0 008 140424s1804 it u000 u ita u 026 $ar-i- aime e-i. emde (3) 1804 (A) 040 $aSeMil$bita 100 1 $aGiulio, Giovanni Domenico.$0(OLS)http://semarc/name/79139 245 13$aLe veglie di S. Agostino vescovo d'Ippona del canonico Gioanni Domenico Giulio professore emerito di s. teologia, e .. 264 1$aRoma :$bPel Fulgoni : Si vendono da Gabrielle Sambaldi libraro e cartolaro all'Arco di Carbognano al num. 45.,$c1804. 300 $aVI, [2], 287, [1] p. ;$c12º. 500 $aLa p. 286 numerata erroneamente 186. 500 $aSegn.: *4 A-M12 (M12v bianco) 700 1 $aSambaldi, Gabriele,$c.$0(OLS)http://semarc/name/79140 700 1 $aFulgoni, Antonio,$c.$0(OLS)http://semarc/name/14648 850 $aSeMil 852 $aSeMil$W1$xVenegono$y1$m2S I 69 FA$j179433$B179433$CSeMilBibl$Z2$F190532 $8I 941 1 $a10 961 $aRecupero: Mantegazza 996 $6245$aLe veglie di S. Agostino vescovo d'Ippona del canonico Gioanni Domenico Giulio professore emerito di s. teologia, e ..$9(OLS)http://semarc/title/327738 996 $6264$aRoma :$bPel Fulgoni : Si vendono da Gabrielle Sambaldi libraro e cartolaro all'Arco di Carbognano al num. 45.$9(OLS)http://semarc/publisher/60904 LEADER 00564nab a2200145 i 4500 001 000000259551 003 CaOOAMICUS 005 20050111000000.0 008 050111n xx uu u0 0und r 013 $a191 040 $aSeMil$bita 245 10$aVerso Verona 2006 via Bari 2005. - 16 p. - Titolo principale dalla prima pagina. 500 $a9 gennaio 2005. 773 0 $t[2005 : Gennaio-Giugno].$dBologna : Centro Editoriale Dehoniano, 2005.$w()130525 996 $6245$aVerso Verona 2006 via Bari 2005. - 16 p. - Titolo principale dalla prima pagina.$9(OLS)http://semarc/title/354667